ALL RuPaul's Drag Race Global All Stars Queens - Statistics

General Stats
  • This quiz has been taken 62 times
  • The average score is 11 of 12
Answer Stats
Season Placement Country Drag Queen % Correct
๐ŸŒŽ RuPaul's Drag Race Global All Stars โญ-Season 1- ๐Ÿ† WINNER ๐Ÿ† ๐Ÿ‡บ๐Ÿ‡ธ Alyssa Edwards
100%
๐ŸŒŽ RuPaul's Drag Race Global All Stars โญ-Season 1- 10th ๐Ÿ‡ต๐Ÿ‡ญ Eva Le Queen
98%
๐ŸŒŽ RuPaul's Drag Race Global All Stars โญ-Season 1- 8th ๐Ÿ‡ฒ๐Ÿ‡ฝ Gala Varo
98%
๐ŸŒŽ RuPaul's Drag Race Global All Stars โญ-Season 1- ๐Ÿฅˆ Runner-Up ๐Ÿฅˆ ๐Ÿ‡ฌ๐Ÿ‡ง Kitty Scott-Claus
98%
๐ŸŒŽ RuPaul's Drag Race Global All Stars โญ-Season 1- ๐Ÿฅˆ Runner-Up ๐Ÿฅˆ ๐Ÿ‡ฆ๐Ÿ‡บ Kween Kong
98%
๐ŸŒŽ RuPaul's Drag Race Global All Stars โญ-Season 1- 7th ๐Ÿ‡จ๐Ÿ‡ฆ Pythia
98%
๐ŸŒŽ RuPaul's Drag Race Global All Stars โญ-Season 1- 9th๐Ÿ’ Miss Congeniality ๐Ÿ’ ๐Ÿ‡ซ๐Ÿ‡ท Soa de Muse
98%
๐ŸŒŽ RuPaul's Drag Race Global All Stars โญ-Season 1- 12th ๐Ÿ‡ง๐Ÿ‡ช Athena Likis
93%
๐ŸŒŽ RuPaul's Drag Race Global All Stars โญ-Season 1- ๐Ÿฅˆ Runner-Up ๐Ÿฅˆ ๐Ÿ‡ฎ๐Ÿ‡น Nehellenia
93%
๐ŸŒŽ RuPaul's Drag Race Global All Stars โญ-Season 1- 5th ๐Ÿ‡ฉ๐Ÿ‡ช Tessa Testicle
93%
๐ŸŒŽ RuPaul's Drag Race Global All Stars โญ-Season 1- 6th ๐Ÿ‡ธ๐Ÿ‡ช Vanity Vain
93%
๐ŸŒŽ RuPaul's Drag Race Global All Stars โญ-Season 1- 11th ๐Ÿ‡ง๐Ÿ‡ท Miranda Lebrรฃo
91%
No matching quizzes found
Score Distribution
Percent of People with Each Score
Percentile by Number Answered
Your Score History
You have not taken this quiz